|
|
|
|
| LEADER |
00000nab a2200000 a 4500 |
| 001 |
vtls008875552 |
| 003 |
SK-MaSNL |
| 005 |
20260304140226.0 |
| 008 |
250505c2005 xo 0 slo |
| 015 |
|
|
|a SNBCL2005/5
|
| 035 |
|
|
|a SLK036654
|
| 035 |
|
|
|a urn:nbn:sk:snk-ab7fjy
|
| 035 |
|
|
|a (urnnbn)urn:nbn:sk:snk:ar-005dm2
|
| 035 |
|
|
|a (uuid)443db28d-9a64-4ce1-98e1-7975be881673
|
| 040 |
|
|
|a SNKBUCL
|b slo
|c SNKBUCL
|e AACR2
|
| 041 |
0 |
|
|a slo
|
| 044 |
|
|
|a xo
|c SK
|
| 080 |
|
|
|a 615.851.82:78:82-95
|2 1981
|
| 100 |
1 |
|
|a Gúth, Anton,
|c ml.
|4 rec
|9 92509
|
| 245 |
1 |
0 |
|a Muzikoterapia
|c A. Gúth ml.
|
| 300 |
|
|
|b Obr.
|
| 650 |
0 |
7 |
|a dejiny
|2 MESH
|9 3825
|
| 650 |
0 |
7 |
|a detská psychiatria
|2 MESH
|9 68134
|
| 650 |
0 |
7 |
|a muzikoterapia
|2 MESH
|9 15778
|
| 655 |
|
7 |
|a recenzie
|2 snkbucl
|9 21907
|
| 773 |
0 |
|
|t Rehabilitácia
|g Vol. 42, no. 4 (2005), s. 234
|x 0375-0922
|
| 787 |
0 |
8 |
|i Rec.:
|a Plahl, Christine
|t Muzikoterapia s deťmi - základy, metódy, prax
|d Bern : Verlag Hans Huber, Hogrefe AG, 2005
|
| 850 |
|
|
|a Slovenská národná knižnica
|
| 852 |
|
|
|a Slovenská národná knižnica
|
| 954 |
|
|
|a odborná, vedecká literatúra pôvodná (slovenská)
|2 lita
|
| 958 |
|
|
|a article7
|
| 958 |
|
|
|a OND
|
| 958 |
|
|
|a EUIPO
|
| 999 |
|
|
|c 2914331
|d 2916261
|